00451nam a2200133Ia 4500008004100000082001600041100002700057245004200084260004600126300000900172942001200181999001900193952010500212210430s9999 xx 000 0 und d a823 D5491 T aCharles Dickens927171 2aA Tale of Two CitiescCharles Dickens aIslamabadbNational Book Foundationc2010 a367p cBK2ddc c562228d562228 001040708NFICaSCMEbSCMEcGENd0000-00-00l0o823 D5491 TpSCME-1090r2021-04-30w2021-04-30yBK